[Event "IECC P-4424"]
[Site "IECC email"]
[Date "2008.03.04"]
[Round "?"]
[White "Copin, Jean Christophe"]
[Black "Lecrivain, Jean Paul"]
[Result "0-1"]
[WhiteElo "1351"]
[BlackElo "1280"]
[PlyCount "48"]
[EventDate "2008.??.??"]
[EventType "match (corr)"]
[SourceTitle "Corr 2013"]
[Source "ChessBase"]
[SourceDate "2012.11.12"]
[SourceVersion "1"]
[SourceVersionDate "2012.11.12"]
[SourceQuality "1"]
[WhiteTeam "US of America"]
[BlackTeam "Australia"]
[WhiteTeamCountry "USA"]
[BlackTeamCountry "AUS"]

1. e4 c5 2. d4 cxd4 3. c3 dxc3 4. Nxc3 e6 5. Bc4 Nf6 6. Bf4 Bb4 7. Qd3 0-0 8. Nge2 d5 9. exd5 exd5 10. 0-0-0 Bg4 11. Bxd5 Nxd5 12. Qxd5 Qc8 13. f3 Be6 14. Qb5 Na6 15. Kb1 Re8 16. Nd5 Bd7 17. Qxd7 Qxd7 18. Nf6+ gxf6 19. Rxd7 Rxe2 20. Rhd1 Rxg2 21. Bh6 Ba5 22. Rxb7 Rb8 23. Rxa7 Rgxb2+ 24. Ka1 Bc3 0-1

[Event "P-4336"]
[Site "IECC email"]
[Date "2007.06.15"]
[Round "?"]
[White "Lecrivain, Jean Paul"]
[Black "Copin, Jean Christophe"]
[Result "1-0"]
[WhiteElo "1248"]
[BlackElo "1192"]
[PlyCount "29"]
[EventDate "2007.??.??"]
[EventType "tourn (corr)"]
[SourceTitle "Corr 2020"]
[Source "ChessBase"]
[SourceDate "2019.09.30"]
[SourceVersion "1"]
[SourceVersionDate "2019.09.30"]
[SourceQuality "1"]
[WhiteTeam "England"]
[BlackTeam "France"]
[WhiteTeamCountry "ENG"]
[BlackTeamCountry "FRA"]

1. e4 e6 2. e5 d6 3. d4 dxe5 4. dxe5 Qxd1+ 5. Kxd1 Nc6 6. Nf3 Bc5 7. Be3 Bxe3 8. fxe3 Nge7 9. Bd3 Ng6 10. Bxg6 hxg6 11. Nc3 a6 12. Ke2 Bd7 13. a3 0-0 14. Rhd1 f6 15. Rxd7 1-0

[Event "IECC P-4278"]
[Site "IECC email"]
[Date "2007.01.15"]
[Round "?"]
[White "Kato, Teruyuki"]
[Black "Lecrivain, Jean Paul"]
[Result "0-1"]
[WhiteElo "1282"]
[BlackElo "1229"]
[PlyCount "30"]
[EventDate "2007.??.??"]
[EventType "tourn (corr)"]
[EventRounds "1"]
[SourceTitle "Corr 2008"]
[Source "ChessBase"]
[SourceDate "2008.06.24"]
[SourceVersion "1"]
[SourceVersionDate "2008.06.24"]
[SourceQuality "1"]
[WhiteTeam "Japan"]
[BlackTeam "England"]
[WhiteTeamCountry "JPN"]
[BlackTeamCountry "ENG"]

1. e4 c5 2. Nf3 g6 3. d4 Bg7 4. Nc3 Qa5 5. Be3 Nf6 6. Bd3 cxd4 7. Nxd4 d6 8. f3 Nc6 9. Nxc6 bxc6 10. 0-0 Rb8 11. Rb1 0-0 12. Bd2 Qc5+ 13. Kh1 Nd7 14. Na4 Qd4 15. c3 Qxd3 0-1

[Event "IECC P-3961"]
[Site "IECC email"]
[Date "2005.07.02"]
[Round "?"]
[White "Ostby, Frederick"]
[Black "Lecrivain, Jean Paul"]
[Result "1-0"]
[WhiteElo "1298"]
[BlackElo "1198"]
[PlyCount "87"]
[EventDate "2005.??.??"]
[EventType "tourn (corr)"]
[EventRounds "1"]
[SourceTitle "Corr 2008"]
[Source "ChessBase"]
[SourceDate "2008.06.24"]
[SourceVersion "1"]
[SourceVersionDate "2008.06.24"]
[SourceQuality "1"]

1. e4 c5 2. Nf3 g6 3. d4 Bg7 4. d5 d6 5. Nc3 Nf6 6. Bd3 0-0 7. 0-0 Nbd7 8. h3 Ne5 9. Nxe5 dxe5 10. Be3 Qa5 11. Qd2 Nd7 12. a3 Nb6 13. b4 cxb4 14. axb4 Qxb4 15. Rfb1 Qd6 16. Bxb6 a6 17. Na4 Qf6 18. Be3 b5 19. Nb6 Rb8 20. Qa5 Rxb6 21. Bxb6 Qh4 22. Be3 f5 23. Qb4 fxe4 24. Bxe4 Bf6 25. Ra3 Bb7 26. Bd3 Qxb4 27. Rxb4 e6 28. d6 Rd8 29. Bc5 e4 30. Bxe4 Bxe4 31. Rxe4 e5 32. Rxa6 Rd7 33. Rb4 Kf7 34. Rxb5 Ke6 35. c4 e4 36. Rb8 Be5 37. Re8+ Kf5 38. Re7 Bxd6 39. Rxd7 Bxc5 40. Rd5+ Kf4 41. Rxc5 e3 42. Re6 exf2+ 43. Kxf2 h5 44. g3# 1-0

[Event "P-3582"]
[Site "IECC email"]
[Date "2003.12.29"]
[Round "?"]
[White "Lecrivain, Jean Paul"]
[Black "Dvoinikov, Andrej"]
[Result "0-1"]
[WhiteElo "1128"]
[BlackElo "1737"]
[PlyCount "98"]
[EventDate "2003.??.??"]
[EventType "tourn (corr)"]
[SourceTitle "Corr 2020"]
[Source "ChessBase"]
[SourceDate "2019.09.30"]
[SourceVersion "1"]
[SourceVersionDate "2019.09.30"]
[SourceQuality "1"]
[WhiteTeam "England"]
[BlackTeam "Russia"]
[WhiteTeamCountry "ENG"]
[BlackTeamCountry "RUS"]

1. e4 c5 2. Nf3 d6 3. c3 Nf6 4. Be2 Bd7 5. e5 dxe5 6. Nxe5 Nc6 7. Nxd7 Qxd7 8. 0-0 Rd8 9. Na3 e6 10. Nc4 Be7 11. d3 0-0 12. a4 Qc7 13. f4 Rd7 14. Qd2 Rfd8 15. Qe3 Na5 16. Nxa5 Qxa5 17. Qg3 Bd6 18. c4 Re7 19. Bf3 e5 20. fxe5 Bxe5 21. Bf4 Bxf4 22. Qxf4 Rxd3 23. Qf5 Rd4 24. Bxb7 Rxc4 25. Bd5 Rd4 26. Bf3 Qc7 27. Qc2 Ne4 28. Rad1 Ng5 29. Rxd4 cxd4 30. Qxc7 Rxc7 31. Bg4 g6 32. b4 Rc4 33. Rb1 d3 34. Bd1 Ne4 35. Bb3 Rc3 36. Bd5 d2 37. Rd1 Rc1 38. Bb3 Nc3 39. Rf1 Kg7 40. Kf2 d1Q 41. Bxd1 Rxd1 42. Rxd1 Nxd1+ 43. Kf3 Nc3 44. a5 f5 45. h4 Kh6 46. g3 Kh5 47. a6 Nb5 48. Kf4 Nd4 49. b5 Nxb5 0-1

[Event "IECC Swiss-476.1"]
[Site "IECC email"]
[Date "2003.11.29"]
[Round "?"]
[White "Stark, Klaus"]
[Black "Lecrivain, Jean Paul"]
[Result "1-0"]
[WhiteElo "1673"]
[BlackElo "1095"]
[PlyCount "117"]
[EventDate "2003.??.??"]
[EventType "swiss (corr)"]
[EventRounds "1"]
[SourceTitle "Corr 2020"]
[Source "ChessBase"]
[SourceDate "2019.09.30"]
[SourceVersion "1"]
[SourceVersionDate "2019.09.30"]
[SourceQuality "1"]
[WhiteTeam "United States"]
[BlackTeam "England"]
[WhiteTeamCountry "USA"]
[BlackTeamCountry "ENG"]

1. d4 d5 2. Nf3 Nc6 3. Bf4 Nf6 4. e3 Nh5 5. Bg5 h6 6. Bh4 g5 7. Bg3 Nxg3 8. hxg3 g4 9. Nfd2 e5 10. Bb5 exd4 11. exd4 Qe7+ 12. Qe2 Qxe2+ 13. Kxe2 Bd7 14. Bxc6 Bxc6 15. Nc3 0-0-0 16. Kd3 Re8 17. Nf1 Rg8 18. Rh5 Rd8 19. Ne3 Rg6 20. Ncxd5 Rgd6 21. c4 b5 22. b3 bxc4+ 23. bxc4 Bxd5 24. Rxd5 c6 25. Rxd6 Rxd6 26. Re1 c5 27. d5 h5 28. Rh1 Ra6 29. Rxh5 Kd7 30. Nxg4 Ra3+ 31. Ke4 Rxa2 32. Ne5+ Ke8 33. f4 Bg7 34. Rh7 Bxe5 35. Kxe5 Rxg2 36. Kd6 Kf8 37. Rh8+ Kg7 38. Ra8 Rxg3 39. Rxa7 Rf3 40. Kxc5 Rxf4 41. d6 Kf6 42. Kd5 Rf5+ 43. Kc6 Rf4 44. c5 Rd4 45. Kc7 Rd5 46. c6 Re5 47. d7 Re7 48. Kc8 Ke6 49. d8Q Rxa7 50. Qd7+ Rxd7 51. cxd7 f5 52. d8Q Ke5 53. Qd3 Kf6 54. Kd7 Kg5 55. Ke6 Kg4 56. Qf1 f4 57. Qg2+ Kh4 58. Kf5 Kh5 59. Qg5# 1-0

[Event "IECC P email"]
[Site "IECC email"]
[Date "2003.05.23"]
[Round "?"]
[White "Bradt, George"]
[Black "Lecrivain, Jean Paul"]
[Result "1-0"]
[WhiteElo "2352"]
[BlackElo "1085"]
[PlyCount "55"]
[EventDate "2003.??.??"]
[EventType "tourn (corr)"]
[EventRounds "6"]
[SourceTitle "Corr 2008"]
[Source "ChessBase"]
[SourceDate "2008.06.24"]
[SourceVersion "1"]
[SourceVersionDate "2008.06.24"]
[SourceQuality "1"]

1. e4 e5 2. Nf3 Nf6 3. Nxe5 Nxe4 4. Qe2 d5 5. d3 Qe7 6. dxe4 Qxe5 7. exd5 Qxe2+ 8. Bxe2 Bf5 9. Bf4 Nd7 10. Bxc7 Bxc2 11. 0-0 Rc8 12. d6 Ne5 13. Bb5+ Nc6 14. Re1+ Kd7 15. Na3 Bf5 16. Rad1 Bg4 17. Nc4 f6 18. Rd4 Bh5 19. Na5 Re8 20. Rxe8 Kxe8 21. Bxc6+ bxc6 22. d7+ Kf7 23. d8Q Kg6 24. Qe8+ Kh6 25. Rh4 g6 26. Qf7 Bg7 27. Bf4+ g5 28. Rxh5# 1-0

[Event "IECC P email"]
[Site "IECC email"]
[Date "2003.04.15"]
[Round "?"]
[White "Lecrivain, Jean Paul"]
[Black "Berchtold, Axel"]
[Result "0-1"]
[WhiteElo "1085"]
[BlackElo "2149"]
[PlyCount "186"]
[EventDate "2003.??.??"]
[EventType "tourn (corr)"]
[EventRounds "6"]
[SourceTitle "Corr 2008"]
[Source "ChessBase"]
[SourceDate "2008.06.24"]
[SourceVersion "1"]
[SourceVersionDate "2008.06.24"]
[SourceQuality "1"]

1. e4 c5 2. Bc4 e6 3. Nc3 Nf6 4. e5 Ng8 5. Nf3 Nc6 6. d3 a6 7. a4 Qc7 8. 0-0 Nxe5 9. Nxe5 Qxe5 10. Ne4 d5 11. Ng5 dxc4 12. dxc4 Be7 13. Re1 Qf5 14. Nf3 Nf6 15. Re5 Qg4 16. Qe2 0-0 17. h3 Qh5 18. Rxh5 Nxh5 19. Ra3 Nf6 20. Ne5 Rd8 21. Rd3 a5 22. Rxd8+ Bxd8 23. Qd3 Be7 24. Bg5 Ra6 25. Bxf6 Bxf6 26. Nd7 Be7 27. Nxc5 Bxc5 28. Qd8+ Bf8 29. Qxc8 Rc6 30. Qxb7 Rxc4 31. Qb5 Rxc2 32. Qxa5 Rxb2 33. Qa8 g6 34. a5 Kg7 35. a6 Bc5 36. a7 Rxf2 37. Kh2 Ra2 38. Qf3 Bd6+ 39. Kg1 Rxa7 40. Qe3 Ra4 41. Qc3+ e5 42. Qc6 Rd4 43. Kf2 f5 44. Qb7+ Kh6 45. Qf7 Bc5 46. Qc7 Rc4+ 47. Ke2 Re4+ 48. Kf1 Rf4+ 49. Ke2 Bf2 50. Qc1 Kh5 51. Qc7 h6 52. g4+ Kh4 53. Qg7 h5 54. g5 Bb6 55. Qf6 Bc5 56. Qxg6 Be7 57. Qg8 Bxg5 58. Qb3 e4 59. Qg8 Rf3 60. Ke1 f4 61. Qe6 e3 62. Qe4 Rf2 63. Qd5 Bf6 64. Qc6 Bb2 65. Qc8 f3 66. Qc7 Kxh3 67. Qc5 h4 68. Qf5+ Kg2 69. Qg4+ Kh1 70. Qh3+ Kg1 71. Qg4+ Rg2 72. Qxf3 Bc3+ 73. Kd1 e2+ 74. Qxe2 Rxe2 75. Kxe2 h3 76. Kd3 h2 77. Kxc3 h1Q 78. Kd4 Qh5 79. Ke4 Qg5 80. Kd4 Qf5 81. Ke3 Qg4 82. Kd3 Qf4 83. Ke2 Qg3 84. Kd2 Qf3 85. Ke1 Qg2 86. Kd1 Qf2 87. Kc1 Qe2 88. Kb1 Qd2 89. Ka1 Kf2 90. Kb1 Ke3 91. Ka1 Kd3 92. Kb1 Kc3 93. Ka1 Qb2# 0-1

[Event "IECC P email"]
[Site "IECC email"]
[Date "2003.04.14"]
[Round "?"]
[White "Ladkin, Peter"]
[Black "Lecrivain, Jean Paul"]
[Result "0-1"]
[WhiteElo "811"]
[BlackElo "1079"]
[PlyCount "68"]
[EventDate "2003.??.??"]
[EventType "tourn (corr)"]
[EventRounds "6"]
[SourceTitle "Corr 2008"]
[Source "ChessBase"]
[SourceDate "2008.06.24"]
[SourceVersion "1"]
[SourceVersionDate "2008.06.24"]
[SourceQuality "1"]

1. e4 e5 2. Nf3 Nf6 3. d4 exd4 4. Qxd4 Nc6 5. Qd1 Nxe4 6. Qe2 Qe7 7. Bg5 Nxg5 8. Nxg5 Qxe2+ 9. Bxe2 Nd4 10. Na3 Bxa3 11. bxa3 Nxc2+ 12. Kd2 Nxa1 13. Rxa1 h6 14. Ne4 d5 15. Nc3 c6 16. Na4 0-0 17. Bf3 Bf5 18. Nc5 b6 19. Nb7 Be6 20. Rc1 c5 21. Nd6 a6 22. Bh5 Ra7 23. Rb1 b5 24. Re1 Rd7 25. Be2 Rxd6 26. Kc3 d4+ 27. Kd3 Bc4+ 28. Ke4 Re8+ 29. Kf3 Bxe2+ 30. Kg3 Rde6 31. Rc1 Rg6+ 32. Kf4 Rg4+ 33. Kf5 g6+ 34. Kf6 Re6# 0-1

[Event "IECC P email"]
[Site "IECC email"]
[Date "2001.10.30"]
[Round "?"]
[White "Lecrivain, Jean Paul"]
[Black "Renze, John"]
[Result "0-1"]
[WhiteElo "1008"]
[BlackElo "971"]
[PlyCount "74"]
[EventDate "2001.??.??"]
[EventType "tourn (corr)"]
[EventRounds "6"]
[SourceTitle "Corr 2008"]
[Source "ChessBase"]
[SourceDate "2008.06.24"]
[SourceVersion "1"]
[SourceVersionDate "2008.06.24"]
[SourceQuality "1"]

1. e4 d5 2. exd5 Nf6 3. Nc3 Nxd5 4. Nxd5 Qxd5 5. Nf3 e5 6. d3 Nc6 7. Be3 Be7 8. d4 Bg4 9. Be2 e4 10. Ne5 Bxe2 11. Qxe2 Nxe5 12. dxe5 Qxe5 13. 0-0 0-0 14. c3 Bd6 15. g3 Rae8 16. Bd4 Qe6 17. Bxa7 b6 18. Rad1 Ra8 19. Bxb6 cxb6 20. Rd4 f5 21. a3 Bc5 22. Qc4 Qxc4 23. Rxc4 Rac8 24. Rd1 b5 25. b4 Bxf2+ 26. Kxf2 Rxc4 27. Rd5 Rxc3 28. Rxb5 Rxa3 29. Rb7 Rc8 30. Kg2 Rc2+ 31. Kh3 g5 32. Rb6 Raa2 33. Rb8+ Kf7 34. Rb7+ Kg6 35. Rb6+ Kh5 36. g4+ fxg4+ 37. Kg3 Rg2# 0-1

[Event "IECC O email"]
[Site "IECC email"]
[Date "1999.12.21"]
[Round "?"]
[White "Lecrivain, Jean Paul"]
[Black "Mineses, Patrick"]
[Result "0-1"]
[WhiteElo "1012"]
[BlackElo "1095"]
[PlyCount "58"]
[EventDate "1999.??.??"]
[EventType "tourn (corr)"]
[EventRounds "6"]
[SourceTitle "Corr 2008"]
[Source "ChessBase"]
[SourceDate "2008.06.24"]
[SourceVersion "1"]
[SourceVersionDate "2008.06.24"]
[SourceQuality "1"]

1. e4 e6 2. Nf3 d5 3. Nc3 d4 4. Nb5 c5 5. e5 a6 6. Nd6+ Bxd6 7. exd6 Qxd6 8. b3 Nf6 9. Bd3 Nc6 10. 0-0 e5 11. Bc4 b5 12. Bd3 0-0 13. Nh4 Nb4 14. Nf5 Qe6 15. Qf3 e4 16. Bxe4 Qxe4 17. Qxe4 Nxe4 18. d3 Bxf5 19. dxe4 Bxe4 20. Bf4 Bxc2 21. Bd6 d3 22. Bxf8 Kxf8 23. a3 Nd5 24. h3 Bxb3 25. Rab1 c4 26. Rfe1 d2 27. Re5 Nc3 28. Ra1 d1Q+ 29. Rxd1 Nxd1 0-1

[Event "IECC O email"]
[Site "IECC email"]
[Date "1999.10.15"]
[Round "?"]
[White "Lecrivain, Jean Paul"]
[Black "Boucher, Lewis"]
[Result "0-1"]
[WhiteElo "1028"]
[BlackElo "1009"]
[PlyCount "56"]
[EventDate "1999.??.??"]
[EventType "tourn (corr)"]
[EventRounds "6"]
[SourceTitle "Corr 2008"]
[Source "ChessBase"]
[SourceDate "2008.06.24"]
[SourceVersion "1"]
[SourceVersionDate "2008.06.24"]
[SourceQuality "1"]

1. e4 e5 2. Bc4 Bc5 3. Nf3 d6 4. d4 exd4 5. Nxd4 Nf6 6. Nc3 0-0 7. Na4 Nxe4 8. Nxc5 dxc5 9. Nb5 Qxd1+ 10. Kxd1 Nxf2+ 11. Ke2 Nxh1 12. Nxc7 Bg4+ 13. Kf1 Nd7 14. Nxa8 Rxa8 15. Kg1 Ne5 16. b3 Nxc4 17. bxc4 Re8 18. Bf4 Re2 19. Kxh1 Rxc2 20. Re1 Be6 21. Rd1 h5 22. h3 Rxa2 23. Be3 b6 24. Bf4 Bxc4 25. Rd7 Be6 26. Rb7 Bd5 27. Rd7 Bxg2+ 28. Kh2 Bc6+ 0-1

[Event "IECC Y2KO email"]
[Site "IECC email"]
[Date "1999.10.14"]
[Round "?"]
[White "Mullen, John"]
[Black "Lecrivain, Jean Paul"]
[Result "1-0"]
[WhiteElo "1683"]
[BlackElo "1001"]
[PlyCount "61"]
[EventDate "1999.??.??"]
[EventType "tourn (corr)"]
[EventRounds "2"]
[SourceTitle "Corr 2008"]
[Source "ChessBase"]
[SourceDate "2008.06.24"]
[SourceVersion "1"]
[SourceVersionDate "2008.06.24"]
[SourceQuality "1"]

1. e4 e5 2. Nf3 Nf6 3. d4 Nxe4 4. Bd3 d5 5. Nxe5 Nc6 6. Nxc6 bxc6 7. Qe2 Bd6 8. Bxe4 dxe4 9. Qxe4+ Be6 10. Qxc6+ Bd7 11. Qe4+ Qe7 12. Qxe7+ Bxe7 13. Nc3 0-0 14. Bf4 Rfe8 15. Kd2 Bd6 16. Bxd6 cxd6 17. Rae1 g6 18. Nd5 Kg7 19. Re3 Rab8 20. b3 Bc6 21. Rhe1 Rxe3 22. Nxe3 a5 23. f3 Rb4 24. c3 Rb5 25. Nc4 Rg5 26. g3 Bxf3 27. Nxd6 Rd5 28. Ne8+ Kf8 29. Nf6 Kg7 30. Nxd5 Bxd5 31. Re5 1-0

[Event "IECC O email"]
[Site "IECC email"]
[Date "1999.10.10"]
[Round "?"]
[White "Lecrivain, Jean Paul"]
[Black "Bozek, Przemek"]
[Result "1-0"]
[WhiteElo "997"]
[BlackElo "1034"]
[PlyCount "41"]
[EventDate "1999.??.??"]
[EventType "tourn (corr)"]
[EventRounds "6"]
[SourceTitle "Corr 2008"]
[Source "ChessBase"]
[SourceDate "2008.06.24"]
[SourceVersion "1"]
[SourceVersionDate "2008.06.24"]
[SourceQuality "1"]

1. e4 Nc6 2. Bc4 Nf6 3. Nc3 e5 4. Nf3 d5 5. Nxd5 Nxe4 6. d4 exd4 7. Nxd4 Ne5 8. b3 c6 9. Ne3 Bg4 10. Nxg4 Nxc4 11. bxc4 Bc5 12. Be3 Qb6 13. Rb1 Qa5+ 14. Bd2 Qxa2 15. Nb3 Qa6 16. Nxc5 Nxc5 17. Qe2+ Ne6 18. Ne5 Nd4 19. Qg4 Nxc2+ 20. Kd1 Na3 21. Qd7+ 1-0

[Event "IECC M email"]
[Site "IECC email"]
[Date "1998.11.02"]
[Round "?"]
[White "Mihaylov, Vladimir"]
[Black "Lecrivain, Jean Paul"]
[Result "1-0"]
[WhiteElo "974"]
[BlackElo "983"]
[PlyCount "93"]
[EventDate "1998.??.??"]
[EventType "tourn (corr)"]
[EventRounds "12"]
[SourceTitle "Corr 2008"]
[Source "ChessBase"]
[SourceDate "2008.06.24"]
[SourceVersion "1"]
[SourceVersionDate "2008.06.24"]
[SourceQuality "1"]

1. e4 e5 2. Nf3 Nc6 3. Nc3 Nf6 4. Bc4 d6 5. Ng5 Bg4 6. Nxf7 Bxd1 7. Nxd8 Nxd8 8. Kxd1 d5 9. exd5 Ng4 10. Ne4 Nf6 11. d3 b6 12. Bg5 Nxe4 13. dxe4 Bc5 14. f3 Nf7 15. Bh4 g5 16. Be1 Nd6 17. Bd3 g4 18. Bg3 0-0-0 19. Bxe5 Rhf8 20. Ke2 Rde8 21. Bg3 Nf5 22. c3 gxf3+ 23. gxf3 Rg8 24. b4 Bd6 25. Bxd6 Rg2+ 26. Ke1 cxd6 27. Bf1 Rgg8 28. Bh3 Kc7 29. Bxf5 Rg2 30. Kf1 Rc2 31. Rg1 Rxc3 32. Bg4 Rh8 33. f4 Kb7 34. e5 dxe5 35. fxe5 Rf8+ 36. Ke2 Rc2+ 37. Kd3 Rxh2 38. Rh1 Rg2 39. Rxh7+ Ka6 40. Be2 Rff2 41. Re1 Rg3+ 42. Ke4+ b5 43. Rc1 Rxe2+ 44. Kf4 Rg6 45. e6 Rf6+ 46. Kg5 Re4 47. Rc6# 1-0